[Event "Sao Paulo STD Gansl op"]
[Site "Sao Paulo"]
[Date "2019.05.25"]
[Round "4"]
[White "Da Conceicao, Daniel Firmino"]
[Black "Triebe De Mello, Otto Carlos"]
[Result "1/2-1/2"]
[WhiteElo "1762"]
[BlackElo "1745"]
[PlyCount "98"]
[EventDate "2019.05.24"]
[EventType "swiss"]
[EventRounds "6"]
[EventCountry "BRA"]
[SourceTitle "CBM 190 Extra"]
[Source "ChessBase"]
[SourceDate "2019.07.15"]
[SourceVersion "1"]
[SourceVersionDate "2019.07.15"]
[SourceQuality "1"]

1. e4 e5 2. Nf3 Nc6 3. Bc4 Be7 4. 0-0 Nf6 5. d3 0-0 6. Nc3 d6 7. a4 Bg4 8. h3 Bh5 9. g4 Bg6 10. Bb3 Na5 11. Ba2 c5 12. Ne2 Rc8 13. Ng3 c4 14. Bd2 cxd3 15. cxd3 Nc6 16. Bc3 Kh8 17. Nh4 Nd7 18. Nhf5 Nc5 19. b4 Ne6 20. b5 Nb8 21. Bd2 Nd7 22. f4 exf4 23. Bxf4 Nxf4 24. Rxf4 Bf6 25. Rb1 Qb6+ 26. Kg2 Rc3 27. Rb4 Rfc8 28. Rc4 Ne5 29. Rxc8+ Rxc8 30. Rf2 Rc3 31. Bb1 Nd7 32. Rc2 Rxc2+ 33. Qxc2 Qc5 34. Ne2 Bxf5 35. gxf5 Qxc2 36. Bxc2 g6 37. fxg6 hxg6 38. Nf4 Kg7 39. Nd5 Bd4 40. Nc7 Kf8 41. Nd5 Nb6 42. Bb3 Nxd5 43. Bxd5 b6 44. Kf3 Ke7 45. Kg4 Be3 46. h4 f6 47. h5 gxh5+ 48. Kxh5 Bd4 49. Kg4 Kd7 1/2-1/2

[Event "Sao Paulo Haroldo Salles op"]
[Site "Sao Paulo"]
[Date "2019.05.11"]
[Round "5.1"]
[White "Da Conceicao, Daniel Firmino"]
[Black "Melo, Sergio Roberto Samp"]
[Result "1-0"]
[WhiteElo "1762"]
[BlackElo "1758"]
[PlyCount "49"]
[EventDate "2019.05.09"]
[EventType "swiss"]
[EventRounds "6"]
[EventCountry "BRA"]
[SourceTitle "EXT 2022"]
[Source "ChessBase"]
[SourceDate "2021.10.06"]
[SourceVersion "1"]
[SourceVersionDate "2021.10.06"]
[SourceQuality "1"]

1. d4 Nf6 2. c4 e5 3. dxe5 Ng4 4. Bf4 g5 5. Bg3 Bg7 6. Nf3 Nc6 7. Nc3 Ngxe5 8. Nxe5 Nxe5 9. e3 d6 10. c5 0-0 11. cxd6 cxd6 12. Be2 Qb6 13. Rb1 Be6 14. 0-0 Rac8 15. Nd5 Bxd5 16. Qxd5 Rc2 17. Bd1 Rxb2 18. Rxb2 Qxb2 19. Bb3 Qa3 20. Qxb7 Qc5 21. Qe4 Rc8 22. Qf5 Nc4 23. Qd7 Qc7 24. Qxc7 Rxc7 25. Rc1 1-0

[Event "Hebraica op 26th"]
[Site "Hebraica"]
[Date "2019.01.12"]
[Round "3"]
[White "Da Conceicao, Daniel Firmino"]
[Black "Costa, Iaggo Bernini"]
[Result "1-0"]
[WhiteElo "1747"]
[BlackElo "1507"]
[PlyCount "43"]
[EventDate "2019.01.11"]
[EventType "swiss"]
[EventRounds "6"]
[EventCountry "BRA"]
[SourceTitle "EXT 2020"]
[Source "ChessBase"]
[SourceDate "2019.10.17"]
[SourceVersion "1"]
[SourceVersionDate "2019.10.17"]
[SourceQuality "1"]

1. e4 e5 2. Nf3 Nf6 3. Nc3 Bb4 4. Nxe5 Bxc3 5. dxc3 d6 6. Nd3 Nxe4 7. Be2 0-0 8. 0-0 Nc6 9. Bf3 Re8 10. Re1 Bf5 11. Nf4 Ng5 12. Be2 Ne4 13. Nd5 Ne7 14. f3 Nxd5 15. Qxd5 Qh4 16. Rf1 Nf6 17. Qxb7 Rac8 18. Bd3 Bxd3 19. cxd3 Qa4 20. b3 Qa5 21. b4 Rb8 22. Qxb8 1-0

[Event "Sao Paulo Karman Cup"]
[Site "Sao Paulo"]
[Date "2018.08.12"]
[Round "6"]
[White "Da Conceicao, Daniel Firmino"]
[Black "Costa, Iaggo Bernini"]
[Result "1-0"]
[WhiteElo "1780"]
[BlackElo "1445"]
[PlyCount "57"]
[EventDate "2018.08.10"]
[EventType "swiss"]
[EventRounds "6"]
[EventCountry "BRA"]
[SourceTitle "CBM 186 Extra"]
[Source "ChessBase"]
[SourceDate "2018.08.24"]
[SourceVersion "1"]
[SourceVersionDate "2018.08.24"]
[SourceQuality "1"]

1. e4 c5 2. Nf3 d6 3. Bb5+ Nc6 4. 0-0 a6 5. Bxc6+ bxc6 6. c4 g6 7. b3 Bg7 8. Nc3 e6 9. Bb2 Ne7 10. Qe2 0-0 11. Rad1 e5 12. h3 f5 13. d3 f4 14. Kh2 Kh8 15. Na4 Ng8 16. Bc3 a5 17. a3 g5 18. Rh1 Rf7 19. g4 fxg3+ 20. fxg3 g4 21. Nh4 gxh3 22. Rdf1 Rxf1 23. Rxf1 Nh6 24. Nf5 Nxf5 25. exf5 Rb8 26. Nxc5 dxc5 27. Bxe5 Rxb3 28. f6 h6 29. fxg7+ 1-0

[Event "BRA-ch Amateur U1800"]
[Site "Sao Paulo"]
[Date "2018.06.02"]
[Round "5"]
[White "Teles, Lucas Marquetotti"]
[Black "Da Conceicao, Daniel Firmino"]
[Result "1/2-1/2"]
[WhiteElo "1788"]
[BlackElo "1746"]
[PlyCount "112"]
[EventDate "2018.05.31"]
[EventType "swiss"]
[EventRounds "7"]
[EventCountry "BRA"]
[SourceTitle "EXT 2021"]
[Source "ChessBase"]
[SourceDate "2020.10.23"]
[SourceVersion "1"]
[SourceVersionDate "2020.10.23"]
[SourceQuality "1"]

1. e4 e5 2. Nf3 Nc6 3. Bc4 Bc5 4. b4 Bxb4 5. c3 Bd6 6. 0-0 Nf6 7. Re1 0-0 8. a4 h6 9. a5 Re8 10. Qb3 Qe7 11. Nh4 Nh7 12. Nf5 Qf6 13. Nxd6 cxd6 14. d3 Ne7 15. a6 Rb8 16. Be3 d5 17. exd5 b6 18. Nd2 d6 19. Ne4 Qg6 20. f4 Nf5 21. fxe5 Nxe3 22. Rxe3 Rxe5 23. Rg3 Ng5 24. h4 f5 25. hxg5 fxe4 26. dxe4 h5 27. Bd3 h4 28. Re3 Qxg5 29. Rae1 Bd7 30. Rf3 Bg4 31. Rfe3 Rf8 32. Qb2 Rf6 33. Qc2 Rh6 34. Qf2 Re8 35. Rf1 Rf6 36. Qe1 Rxf1+ 37. Bxf1 Re5 38. Qd2 Bh5 39. Be2 Bg6 40. Bd3 Re7 41. Bc2 Rf7 42. Qe1 Rf4 43. Bd1 Qe5 44. Bf3 Be8 45. Qe2 g5 46. Bg4 Kg7 47. Bc8 Bg6 48. Bf5 Bf7 49. Rf3 Bh5 50. Qb5 Rxf3 51. Qd7+ Bf7 52. gxf3 Qg3+ 53. Kf1 Qxf3+ 54. Kg1 Qg3+ 55. Kf1 Qf3+ 56. Ke1 Qe3+ 1/2-1/2

[Event "BRA-ch Amateur U1800"]
[Site "Sao Paulo"]
[Date "2018.06.01"]
[Round "3"]
[White "Da Silva Junior, Antonio Gomes"]
[Black "Da Conceicao, Daniel Firmino"]
[Result "0-1"]
[WhiteElo "1798"]
[BlackElo "1746"]
[PlyCount "84"]
[EventDate "2018.05.31"]
[EventType "swiss"]
[EventRounds "7"]
[EventCountry "BRA"]
[SourceTitle "EXT 2021"]
[Source "ChessBase"]
[SourceDate "2020.10.23"]
[SourceVersion "1"]
[SourceVersionDate "2020.10.23"]
[SourceQuality "1"]

1. d4 Nf6 2. c4 e6 3. Nc3 Bb4 4. Bd2 0-0 5. Nf3 d5 6. e3 Re8 7. a3 Bf8 8. Rc1 a6 9. Qc2 dxc4 10. Bxc4 c5 11. 0-0 b5 12. Bd3 Nbd7 13. Ne4 c4 14. Nxf6+ Nxf6 15. Be4 Nxe4 16. Qxe4 Rb8 17. Bc3 Bb7 18. Qg4 Qd5 19. Rfe1 f5 20. Qh3 Bd6 21. e4 fxe4 22. Nd2 Qf5 23. Re2 Qxh3 24. gxh3 Bf4 25. Rce1 Bxd2 26. Rxd2 Rf8 27. Re3 Bd5 28. Rg3 Rf5 29. Bb4 Rb7 30. Re2 Re7 31. Be1 h5 32. Ree3 Kh7 33. Kg2 a5 34. Kf1 b4 35. Re2 c3 36. axb4 Bc4 37. bxc3 a4 38. Rge3 a3 39. Kg2 a2 40. Rxa2 Bxa2 41. Re2 Bc4 42. Rb2 e3 0-1

[Event "BRA-ch Amateur U1800"]
[Site "Sao Paulo"]
[Date "2018.05.31"]
[Round "6"]
[White "Da Conceicao, Daniel Firmino"]
[Black "Villafuerte, Antonio Gabriel Pac"]
[Result "1/2-1/2"]
[WhiteElo "1746"]
[BlackElo "1676"]
[PlyCount "37"]
[EventDate "2018.05.31"]
[EventType "swiss"]
[EventRounds "7"]
[EventCountry "BRA"]
[SourceTitle "EXT 2021"]
[Source "ChessBase"]
[SourceDate "2020.10.23"]
[SourceVersion "1"]
[SourceVersionDate "2020.10.23"]
[SourceQuality "1"]

1. e4 e6 2. d4 d5 3. Nc3 Bb4 4. e5 c5 5. a3 Bxc3+ 6. bxc3 Qa5 7. Bd2 Qa4 8. Nf3 c4 9. Be2 Nc6 10. 0-0 Bd7 11. Ne1 0-0-0 12. Qc1 f5 13. exf6 gxf6 14. Bh6 Nxh6 15. Qxh6 Qa5 16. Qe3 Qa4 17. f4 h5 18. Rb1 b6 19. Rb2 1/2-1/2

[Event "Sao Paulo ECP Etapa Sigismund Gansl"]
[Site "Sao Paulo"]
[Date "2018.05.20"]
[Round "6.2"]
[White "Seccafim, Caic Dos Santos"]
[Black "Da Conceicao, Daniel Firmino"]
[Result "1-0"]
[WhiteElo "1685"]
[BlackElo "1746"]
[PlyCount "46"]
[EventDate "2018.05.18"]
[EventType "swiss"]
[EventRounds "6"]
[EventCountry "BRA"]
[SourceTitle "EXT 2022"]
[Source "ChessBase"]
[SourceDate "2021.10.06"]
[SourceVersion "1"]
[SourceVersionDate "2021.10.06"]
[SourceQuality "1"]

1. e4 e5 2. Nf3 Nc6 3. Nc3 Nf6 4. d4 exd4 5. Nxd4 Bb4 6. Nxc6 bxc6 7. Bd3 0-0 8. 0-0 d5 9. exd5 cxd5 10. h3 c6 11. Bg5 Be6 12. Ne2 Qd7 13. Bxf6 gxf6 14. Nd4 c5 15. Qh5 f5 16. Nxf5 f6 17. c3 c4 18. Bc2 Bc5 19. Rae1 Kh8 20. Nh4 Rf7 21. Ng6+ Kg8 22. Nf4 Re8 23. Nxe6 Rxe6 1-0

[Event "Sao Paulo-C U1700 op 5th"]
[Site "Sao Paulo"]
[Date "2016.10.16"]
[Round "6.2"]
[White "Da Conceicao, Daniel Firmino"]
[Black "Rial, Antonio Marcos Pino"]
[Result "1/2-1/2"]
[WhiteElo "1667"]
[BlackElo "1625"]
[PlyCount "78"]
[EventDate "2016.10.13"]
[EventType "swiss"]
[EventRounds "6"]
[EventCountry "BRA"]
[SourceTitle "EXT 2022"]
[Source "ChessBase"]
[SourceDate "2021.10.06"]
[SourceVersion "1"]
[SourceVersionDate "2021.10.06"]
[SourceQuality "1"]

1. e4 Nc6 2. Bc4 Nf6 3. Nc3 e6 4. d3 d5 5. exd5 exd5 6. Bb5 Be7 7. d4 0-0 8. Nge2 Bf5 9. 0-0 a6 10. Bd3 Qd7 11. Bxf5 Qxf5 12. Ng3 Qg6 13. Nce2 Bd6 14. Nf4 Qg4 15. Nxd5 Qxd4 16. Qxd4 Nxd4 17. Nxf6+ gxf6 18. c3 Ne6 19. Nf5 Bc5 20. Bh6 Rfd8 21. Rad1 a5 22. Ng3 Be7 23. Rfe1 Rxd1 24. Rxd1 Rd8 25. Rxd8+ Nxd8 26. Kf1 Bf8 27. Bxf8 Kxf8 28. Ke2 Ke7 29. Kd3 Ke6 30. Ne4 b6 31. Ke3 Nb7 32. a4 h6 33. b4 f5 34. bxa5 Nxa5 35. Nd2 Kd5 36. Kd3 Nc6 37. f4 Kc5 38. Nb3+ Kd5 39. Nd2 Kc5 1/2-1/2

[Event "Sao Paulo-C U1700 op 5th"]
[Site "Sao Paulo"]
[Date "2016.10.15"]
[Round "4.2"]
[White "Da Conceicao, Daniel Firmino"]
[Black "Dos Anjos, Diovana Ferreira"]
[Result "1/2-1/2"]
[WhiteElo "1667"]
[BlackElo "1564"]
[PlyCount "125"]
[EventDate "2016.10.13"]
[EventType "swiss"]
[EventRounds "6"]
[EventCountry "BRA"]
[SourceTitle "EXT 2022"]
[Source "ChessBase"]
[SourceDate "2021.10.06"]
[SourceVersion "1"]
[SourceVersionDate "2021.10.06"]
[SourceQuality "1"]

1. e4 a6 2. Nc3 b5 3. a3 Bb7 4. Nf3 e6 5. Be2 c5 6. d3 h6 7. Be3 Nf6 8. h3 d6 9. 0-0 Be7 10. e5 dxe5 11. Nxe5 Qc7 12. Bf4 Bd6 13. Nxf7 Kxf7 14. Bxd6 Qxd6 15. Bf3 Bxf3 16. Qxf3 Nbd7 17. Rae1 Rhf8 18. Re2 Rae8 19. Rfe1 Kg8 20. Qb7 Re7 21. Qf3 Ne8 22. Qg4 Rf5 23. Qxf5 exf5 24. Rxe7 Nef6 25. R7e6 Qf4 26. Rxa6 Qd2 27. Re2 Qc1+ 28. Kh2 b4 29. axb4 Qxb2 30. Nb5 cxb4 31. Nd6 f4 32. Ra8+ Kh7 33. Ne8 Ne5 34. Nxf6+ gxf6 35. Rc8 Nxd3 36. Re7+ Kg6 37. cxd3 Qxf2 38. Rb7 h5 39. Rg8+ Kh6 40. Rxb4 f3 41. Rf4 Qb6 42. Rxf3 Qd6+ 43. Rfg3 Kh7 44. Kg1 Qd4+ 45. Kf1 Qf4+ 46. Ke2 Qe5+ 47. Kd2 Qf4+ 48. Kc3 Qc1+ 49. Kd4 Qf4+ 50. Kd5 Qe5+ 51. Kc4 Qc7+ 52. Kb5 Qb7+ 53. Kc5 Qc7+ 54. Kd5 Qd7+ 55. Ke4 Qe6+ 56. Kf3 Qf5+ 57. Ke2 Qe5+ 58. Re3 Qb2+ 59. Kf3 Kxg8 60. Kg3 Qd4 61. Kf3 f5 62. Ke2 Kf7 63. Rf3 1/2-1/2